LIBRARY & INFORMATION CENTRE, KCAET, TAVANUR

ONLINE PUBLIC ACCESS CATALOGUE (OPAC)

Instrumentation measurement and analysis / (Record no. 546)

MARC details
000 -LEADER
fixed length control field 00487cam a2200193ua 4500
003 - CONTROL NUMBER IDENTIFIER
control field OSt
008 - FIXED-LENGTH DATA ELEMENTS--GENERAL INFORMATION
fixed length control field 241231b |||||||| |||| 00| 0 eng d
020 ## - INTERNATIONAL STANDARD BOOK NUMBER
ISBN 0-07-451791-0
041 ## - LANGUAGE CODE
Language code of text/sound track or separate title eng
082 ## - DEWEY DECIMAL CLASSIFICATION NUMBER
Classification number 621.374
Item number NAK/IN
100 ## - MAIN ENTRY--AUTHOR NAME
Personal name Nakra, B C .
245 ## - TITLE STATEMENT
Title Instrumentation measurement and analysis /
250 ## - EDITION STATEMENT
Edition statement 1 /
260 ## - PUBLICATION, DISTRIBUTION, ETC. (IMPRINT)
Place of publication New Delhi :
Name of publisher Tata Mc-Graw Hill Publishing Company ,
Year of publication 1994.
300 ## - PHYSICAL DESCRIPTION
Number of Pages 534 ; .
500 ## - GENERAL NOTE
General note *CSS
700 1# - ADDED ENTRY--PERSONAL NAME
Personal name Chaudhry, K K .
942 ## - ADDED ENTRY ELEMENTS (KOHA)
Koha item type Books
Holdings
Withdrawn status Lost status Damaged status Home library Current library Date acquired Full call number Accession Number Koha item type Shelving location
      KAUAET KAUAET 07/04/2012 621.374 NAK/IN 18825 Books  
      KAUAET KAUAET 07/04/2012 621.374 NAK/IN 15722 Books  
      KAUAET KAUAET 07/04/2012 621.374 NAK/IN 20660 Books  
      KAUAET KAUAET 07/04/2012 621.374 NAK/IN 18824 Books  
      KAUAET KAUAET 07/04/2012 621.374 NAK/IN 20657 Books  
      KAUAET KAUAET 07/04/2012 621.374 NAK/IN 20656 Books  
      KAUAET KAUAET 07/04/2012 621.374 NAK/IN 18823 Books  
      KAUAET KAUAET 07/04/2012 621.374 NAK/IN 18826 Books  
      KAUAET KAUAET 07/04/2012 621.374 NAK/IN 16934 Book Bank scheme for SC students  
      KAUAET KAUAET 07/04/2012 621.374 NAK/IN 20659 Books  
      KAUAET KAUAET 07/04/2012 621.374 NAK/IN 20658 Books  
      KAUAET KAUAET 31/08/2018 621.374 NAK/IN 18297 Books Scheme
      KAUAET KAUAET 03/09/2018 621.374 NAK/IN 18298 Books  
      KAUAET KAUAET 04/09/2018 621.374 NAK/IN 18296 Books Scheme
free website counter